Costa Rica y las negociaciones sobre cambio climático /

Costa Rica es uno de los países en desarrollo a la vanguardia en actividades de instrumentación conjunta, con el concurso de naciones industrializadas, par aitigar las emisiones de gases con efecto de invernadero Al referir la experiencia tica, los autores consideran prematuro evaluar tales activida...

Fuld beskrivelse

Guardado en:
Bibliografiske detaljer
Hovedforfatter: Gitli, Eduardo
Andre forfattere: Murillo Rodríguez, Carlos, Miranda, Donald, Villalobos, Eliana
Format: Texto
Fag:
Tags: Tilføj Tag
Ingen Tags, Vær først til at tagge denne postø!

MARC

LEADER 00000 a a2200000 04500
001 3485
003
040
100 |a Gitli, Eduardo  
245 |a Costa Rica y las negociaciones sobre cambio climático /  |c Eduardo Gitli ; Carlos Murillo Rodríguez ; Donald Miranda ; Eliana Villalobos 
520 |a Costa Rica es uno de los países en desarrollo a la vanguardia en actividades de instrumentación conjunta, con el concurso de naciones industrializadas, par aitigar las emisiones de gases con efecto de invernadero Al referir la experiencia tica, los autores consideran prematuro evaluar tales actividades, pero señalan que han despertado grandes expectativas en el camino obligado hacia una estrategia integral para el desarrollo sustentable. REV/SCM  
650 |a GLOBALIZACION  
650 |a RELACIONES INTERNACIONALES  
650 |a ACUERDOS INTERNACIONALES  
650 |a CONVENIOS  
650 |a NEGOCIACIONES INTERNACIONALES  
650 |a RESPONSABILIDAD DE LOS ESTADOS  
650 |a MEDIO AMBIENTE  
650 |a ASPECTOS AMBIENTALES  
650 |a DESARROLLO SUSTENTABLE  
650 |a CLIMA  
650 |a CAMBIOS CLIMATICOS  
700 |a Murillo Rodríguez, Carlos  
700 |a Miranda, Donald  
700 |a Villalobos, Eliana  
773 |g volumen 50, número 3; páginas 221-229  
999 |c 38209  |d 38209